[Event "Najdorf Mem Open A 2014"]
[Site "Warsaw POL"]
[Date "2014.07.18"]
[Round "7.19"]
[White "Romanishin, Oleg M"]
[Black "Lewtak, Damian"]
[Result "1/2-1/2"]
[WhiteTitle "GM"]
[WhiteElo "2502"]
[BlackElo "2331"]
[WhiteFideId "14100088"]
[BlackFideId "1141724"]
[EventDate "2014.07.14"]

1. Nf3 Nf6 2. g3 e6 3. Bg2 b6 4. c4 Bb7 5. d4 Be7 6. Nc3 Ne4 7. Bd2 Bf6 8. Qc2
Nxd2 9. Qxd2 O-O 10. Rd1 d6 11. Qc2 g6 12. h4 Nd7 13. h5 Qe7 14. Kf1 Bg7 15.
hxg6 hxg6 16. Nh4 Bxg2+ 17. Kxg2 Nf6 18. Nf3 Rfe8 19. e4 c6 20. e5 Nd7 21. Qe4
dxe5 22. dxe5 Red8 23. Qe3 Kf8 24. Rh7 f6 25. Rdh1 Kg8 26. exf6 Nxf6 27. R7h4
Nd7 28. Ng5 Nc5 29. Nce4 Re8 30. Rf4 Nxe4 31. Rxe4 e5 32. Rg4 Qd7 33. Rgh4 Rad8
34. Ne4 Rf8 35. Rh7 Qf5 36. c5 bxc5 37. Nxc5 e4 38. Nxe4 Rf7 39. R7h4 Bd4 40.
Qe2 Rdf8 41. Rf4 Qd5 42. Rxf7 Rxf7 43. f3 Qxa2 44. Ng5 Rf8 45. Qe6+ Qxe6 46.
Nxe6 Bxb2 47. Nxf8 Kxf8 48. Rh4 c5 49. Ra4 Ke7 50. Kf1 Ke6 51. Rxa7 Be5 52. f4
Bd4 53. Ke2 g5 54. Ra6+ Kf5 55. Kf3 gxf4 56. gxf4 Bg1 57. Rh6 Bd4 58. Rh5+ Kg6
59. Rd5 Kf6 60. Ke4 Bf2 61. Rd6+ Ke7 62. Rh6 Be1 63. Kf5 Kd7 64. Ke5 c4 65. Rd6+
Ke7 66. Rc6 c3 67. f5 Bg3+ 68. Kd5 c2 69. Rxc2 Kf6 70. Ke4 Kf7 71. Rc6 Be1 72.
Rc1 Bg3 73. Kf3 Be5 74. Kg4 Bd4 75. Rc2 Be3 76. Rc3 Bd2 77. Rc2 Be3 78. Rc6 Bd2
79. Kf3 Be1 80. Kf4 Bf2 81. Rc2 Bh4 82. Rc8 Bf2 83. Rc7+ Kf6 84. Rc6+ Kf7 85. f6
Kg6 86. Ke5 Bh4 87. Rb6 Bg5 88. Ke6 Bxf6 89. Rb1 Bc3 90. Rg1+ Kh5 91. Kf5 Kh4
92. Rg4+ Kh3 93. Kf4 Kh2 94. Kf3 Ba5 95. Rg6 Bc3 96. Rg2+ Kh1 97. Re2 Bb4 98.
Rc2 Kg1 99. Rg2+ Kh1 100. Rc2 Kg1 101. Rc1+ Kh2 102. Kf2 Kh3 103. Rc2 Bd6 104.
Kf3 Kh4 105. Rc6 Bb8 106. Rg6 Bc7 107. Rg4+ Kh5 108. Rg7 Bd6 109. Rd7 Bb8 110.
Rb7 Bd6 111. Rb5+ Kh4 112. Rd5 Bc7 113. Ke4 1/2-1/2

[Event "Najdorf Mem Open A 2014"]
[Site "Warsaw POL"]
[Date "2014.07.18"]
[Round "7.20"]
[White "Czerwonski, Aleksander"]
[Black "Debashis, Das"]
[Result "1-0"]
[WhiteTitle "IM"]
[BlackTitle "GM"]
[WhiteElo "2380"]
[BlackElo "2484"]
[WhiteFideId "1100459"]
[BlackFideId "5024854"]
[EventDate "2014.07.14"]

1. d4 Nf6 2. c4 e6 3. Nc3 Bb4 4. e3 O-O 5. Bd3 d5 6. Nf3 b6 7. a3 Bxc3+ 8. bxc3
c6 9. O-O Ba6 10. Ne5 Nfd7 11. Nxd7 Nxd7 12. cxd5 Bxd3 13. Qxd3 cxd5 14. f3 Rc8
15. e4 Qc7 16. Bd2 Rfe8 17. Rae1 Qd6 18. Qb5 Nb8 19. a4 Nc6 20. e5 Qd7 21. f4
Rc7 22. Qd3 Ne7 23. Re3 Rf8 24. Rh3 g6 25. f5 exf5 26. Bg5 f6 27. Bxf6 Qxa4 28.
Qe3 Qe8 29. Qh6 Nc6 30. Rxf5 Nd8 31. Rf1 b5 32. Rhf3 Ne6 33. h4 b4 34. cxb4 Nxd4
35. Rd3 Ne2+ 36. Kf2 Rc6 37. Qg7# 1-0

[Event "Najdorf Mem Open A 2014"]
[Site "Warsaw POL"]
[Date "2014.07.18"]
[Round "7.21"]
[White "Lei, Tingjie"]
[Black "Plichta, Kamil"]
[Result "0-1"]
[WhiteElo "2450"]
[BlackElo "2247"]
[WhiteFideId "8605114"]
[BlackFideId "1141830"]
[EventDate "2014.07.14"]

1. d4 Nf6 2. c4 g6 3. Nc3 Bg7 4. e4 d6 5. h3 O-O 6. Nf3 e5 7. d5 a5 8. Bg5 Na6
9. g4 Qe8 10. Rg1 Kh8 11. Nd2 Nd7 12. a3 Nb6 13. Be3 Bd7 14. b3 Qe7 15. Bd3 Qd8
16. Qe2 c6 17. O-O-O Nc5 18. Bc2 cxd5 19. exd5 a4 20. b4 Nb3+ 21. Nxb3 axb3 22.
Bxb3 e4 23. Kb2 Ba4 24. Bd4 Bxb3 25. Kxb3 Bxd4 26. Rxd4 f5 27. g5 Nd7 28. f4
exf3 29. Qxf3 Qb6 30. Nb5 Kg8 31. Re1 Ne5 32. Qc3 f4 33. Re2 f3 34. Rf2 Rac8 35.
Nxd6 Qxd6 36. c5 Qd7 37. h4 Ra8 38. Ka2 Rf5 39. d6 Re8 40. Kb2 Qf7 41. Re4 Nd7
42. Rxe8+ Qxe8 43. a4 Qe4 44. Ka3 Ne5 45. a5 Rf7 46. b5 Nc4+ 47. Ka2 Qd5 48. d7
Ne5+ 49. Qb3 Qxd7 50. c6 bxc6 51. b6 Qd4 52. Rb2 Nd7 53. b7 Nb8 54. a6 f2 55.
Rb1 Qd2+ 56. Ka1 Qa5+ 0-1

[Event "Najdorf Mem Open A 2014"]
[Site "Warsaw POL"]
[Date "2014.07.18"]
[Round "7.22"]
[White "Krysztofiak, Marcin"]
[Black "Przybylski, Wojciech"]
[Result "1-0"]
[WhiteTitle "IM"]
[BlackTitle "FM"]
[WhiteElo "2423"]
[BlackElo "2313"]
[WhiteFideId "1114751"]
[BlackFideId "1117599"]
[EventDate "2014.07.14"]

1. Nf3 d5 2. c4 c6 3. e3 Nf6 4. d4 e6 5. Nbd2 Nbd7 6. Bd3 Bd6 7. O-O O-O 8. e4
dxe4 9. Nxe4 Nxe4 10. Bxe4 h6 11. Bc2 Qc7 12. Qd3 Nf6 13. c5 Be7 14. Ne5 Rd8 15.
Bxh6 Bxc5 16. Bxg7 Rxd4 17. Qe3 Rg4 18. Qxc5 Rxg7 19. Rfe1 b6 20. Qe3 Bb7 21.
Qh6 Qe7 22. Re3 Qc5 23. Rh3 Kf8 24. Qxf6 1-0

[Event "Najdorf Mem Open A 2014"]
[Site "Warsaw POL"]
[Date "2014.07.18"]
[Round "7.23"]
[White "Mu, Ke"]
[Black "Strugnell, Carl"]
[Result "1-0"]
[BlackTitle "FM"]
[WhiteElo "2409"]
[BlackElo "2258"]
[WhiteFideId "8602778"]
[BlackFideId "616753"]
[EventDate "2014.07.14"]

1. d4 Nf6 2. c4 e6 3. Nc3 Bb4 4. a3 Bxc3+ 5. bxc3 c5 6. e3 O-O 7. Bd3 b6 8. Ne2
d5 9. cxd5 exd5 10. O-O Ba6 11. Ng3 Re8 12. f3 Bxd3 13. Qxd3 Nc6 14. Bb2 c4 15.
Qe2 h5 16. Rae1 b5 17. Qc2 g6 18. e4 h4 19. Nh1 Nh5 20. Bc1 a5 21. Nf2 Qd6 22.
Ng4 Kh7 23. e5 Qe6 24. Qf2 b4 25. Qxh4 Rh8 26. f4 Qe7 27. Qf2 Qe6 28. Ne3 f5 29.
exf6 bxc3 30. f5 Qe4 31. fxg6+ Kxg6 32. Nf5 1-0

[Event "Najdorf Mem Open A 2014"]
[Site "Warsaw POL"]
[Date "2014.07.18"]
[Round "7.24"]
[White "Polok, Kacper"]
[Black "Ben Artzi, Ido"]
[Result "0-1"]
[BlackTitle "FM"]
[WhiteElo "2215"]
[BlackElo "2392"]
[WhiteFideId "1137158"]
[BlackFideId "2810913"]
[EventDate "2014.07.14"]

1. e4 e5 2. Nf3 Nc6 3. Bc4 Bc5 4. c3 Nf6 5. d3 d6 6. Nbd2 a6 7. Bb3 Ba7 8. h3 h6
9. Nf1 d5 10. Qe2 O-O 11. Ng3 Be6 12. Bc2 dxe4 13. dxe4 b5 14. Nh2 Ne7 15. Ng4
Ng6 16. Nf5 Nh7 17. h4 h5 18. Nh2 Nf4 19. Qf3 g6 20. g3 gxf5 21. gxf4 Qxh4 22.
Qg2+ Kh8 23. Nf1 Bxf2+ 24. Ke2 Rg8 25. Qf3 Bc4+ 26. Bd3 Bxd3+ 27. Kxd3 fxe4+ 28.
Qxe4 Qg4 29. Kc2 Rae8 30. Ne3 Qe2+ 31. Kb3 exf4 32. Qd4+ f6 33. Qd1 Rxe3 34.
Bxe3 Qxd1+ 35. Raxd1 fxe3 36. Rxh5 Rg5 37. Rhh1 e2 38. Rd7 e1=Q 39. Rdxh7+ Kg8
40. Rh8+ Kf7 41. R8h7+ Rg7 0-1

[Event "Najdorf Mem Open A 2014"]
[Site "Warsaw POL"]
[Date "2014.07.18"]
[Round "7.25"]
[White "Klekowski, Maciej"]
[Black "Dionisi, Thomas"]
[Result "0-1"]
[BlackTitle "FM"]
[WhiteElo "2385"]
[BlackElo "2393"]
[WhiteFideId "1132717"]
[BlackFideId "651893"]
[EventDate "2014.07.14"]

1. d4 f5 2. Nf3 Nf6 3. g3 g6 4. Bg2 Bg7 5. c4 O-O 6. O-O d6 7. Nc3 c6 8. Qb3 Kh8
9. Re1 Ne4 10. Qc2 Nxc3 11. Qxc3 e5 12. dxe5 dxe5 13. e4 f4 14. b3 Qe7 15. Bb2
c5 16. Nxe5 Nd7 17. Nxd7 Bxc3 18. Bxc3+ Kg8 19. Nxf8 Qxf8 20. Rad1 f3 21. Bf1
Be6 22. Re3 g5 23. Red3 Re8 24. Be5 b6 25. Bb2 Qf7 26. Rd8 Qg6 27. Rxe8+ Qxe8
28. Rd3 g4 29. h4 Kf7 30. Rd6 Ke7 31. e5 Qc8 32. Bc1 h5 33. Bg5+ Kf7 34. Bd3 Qc7
35. a4 a6 36. Kf1 b5 37. Bg6+ Kxg6 38. Rxe6+ Kf5 39. Rf6+ Ke4 40. Rd6 bxc4 41.
Rd1 cxb3 42. e6 b2 43. e7 Qd7 0-1

[Event "Najdorf Mem Open A 2014"]
[Site "Warsaw POL"]
[Date "2014.07.18"]
[Round "7.26"]
[White "Stoma, Pawel"]
[Black "Nurkiewicz, Maciej"]
[Result "1/2-1/2"]
[WhiteElo "2326"]
[BlackElo "2392"]
[WhiteFideId "1113569"]
[BlackFideId "1107046"]
[EventDate "2014.07.14"]

1. c4 e5 2. Nc3 Nc6 3. e3 Nf6 4. Nf3 Bb4 5. Nd5 e4 6. Nxb4 Nxb4 7. Nd4 c5 8. Nb5
d5 9. cxd5 O-O 10. a3 Nd3+ 11. Bxd3 exd3 12. b4 cxb4 13. d6 Qb6 14. Nd4 Qxd6 15.
axb4 Re8 16. O-O Qxb4 17. Ba3 Qb6 18. Qc1 Be6 19. Bc5 Qc7 20. Bxa7 Qxc1 21.
Rfxc1 Ne4 22. f3 Nxd2 23. Rd1 Nb3 1/2-1/2

[Event "Najdorf Mem Open A 2014"]
[Site "Warsaw POL"]
[Date "2014.07.18"]
[Round "7.27"]
[White "Bednarek, Sylwester"]
[Black "Schroeder, Jan-Christian"]
[Result "0-1"]
[WhiteTitle "FM"]
[BlackTitle "FM"]
[WhiteElo "2311"]
[BlackElo "2370"]
[WhiteFideId "1101811"]
[BlackFideId "24662259"]
[EventDate "2014.07.14"]

1. d4 d5 2. Nf3 Nf6 3. g3 e6 4. Bg2 Be7 5. O-O b5 6. Ne5 O-O 7. Nc3 b4 8. Na4
Nfd7 9. Nd3 Bb7 10. Bd2 Na6 11. c4 bxc3 12. Bxc3 Nb6 13. Rc1 Nxa4 14. Qxa4 Qe8
15. Qxe8 Rfxe8 16. Ba5 Rac8 17. b4 c6 18. e3 Ba8 19. Rc2 Rb8 20. a3 Rec8 21.
Rfc1 Nc7 22. Bxc7 Rxc7 23. Nc5 Rb6 24. Nb3 Kf8 25. Kf1 Ke8 26. Na5 Kd7 27. Ke2
Bb7 28. e4 Ba6+ 29. Ke3 Bd8 30. f4 Bb5 31. Nb3 Bc4 32. Na5 Bb5 33. e5 Ba4 34.
Rc5 Rb8 35. Bf1 Be7 36. R5c3 Rb6 37. Bd3 h5 38. Kf3 g6 39. h3 Rc8 40. g4 hxg4+
41. hxg4 Rh8 42. f5 Bg5 43. Rf1 Bd2 44. Rc5 Rh3+ 45. Ke2 Rh2+ 46. Rf2 Rxf2+ 47.
Kxf2 gxf5 48. gxf5 Rb8 49. Ba6 Rb6 50. Bd3 Rb8 51. Bc2 Bb5 52. a4 Bxb4 53. axb5
Bxc5 54. dxc5 Rxb5 55. Nb3 a5 56. Ke3 a4 57. Nd4 a3 0-1

[Event "Najdorf Mem Open A 2014"]
[Site "Warsaw POL"]
[Date "2014.07.18"]
[Round "7.28"]
[White "Wisniowska, Klaudia"]
[Black "Przedmojski, Rafal"]
[Result "0-1"]
[WhiteTitle "WFM"]
[WhiteElo "2186"]
[BlackElo "2367"]
[WhiteFideId "1181238"]
[BlackFideId "1102451"]
[EventDate "2014.07.14"]

1. e4 Nc6 2. Nf3 d5 3. e5 Bg4 4. Bb5 e6 5. d4 Ne7 6. O-O a6 7. Be2 Nb8 8. Nbd2
c5 9. h3 Bxf3 10. Nxf3 Nec6 11. c3 Nd7 12. b3 Rc8 13. Bb2 cxd4 14. cxd4 Be7 15.
Rc1 Qa5 16. a3 Qb6 17. Bd3 O-O 18. Bb1 Na7 19. Qd3 g6 20. Nd2 Qa5 21. a4 Bb4 22.
Nf3 b5 23. axb5 Nxb5 24. Rxc8 Rxc8 25. Ng5 Ba3 26. Qf3 Rf8 27. Bxa3 Qxa3 28. Qg4
Kg7 29. h4 Qb4 30. Nf3 h5 31. Qf4 Qxb3 32. Ng5 Qb2 33. Bxg6 Qxd4 34. Qxd4 Nxd4
35. Bxh5 Nxe5 36. f4 Nc4 37. Ra1 a5 38. Kf2 f6 39. Nf3 Nb3 40. Ra4 Nc5 41. Ra1
Nd3+ 42. Kg3 Kh6 43. Nd4 e5 44. Be2 Rg8+ 45. Kh2 Nxf4 46. Nf5+ Kh7 47. Bxc4
Rxg2+ 48. Kh1 dxc4 49. Ne3 Rg3 50. Nxc4 Rg4 51. Nxa5 Rxh4+ 52. Kg1 Kg6 53. Nc6
Ne2+ 54. Kf2 Nd4 55. Rg1+ Kf7 56. Na5 Ke6 57. Nb7 Kd5 58. Rg6 Rh2+ 59. Ke3 Re2+
60. Kd3 e4+ 61. Kc3 Rc2+ 0-1

[Event "Najdorf Mem Open A 2014"]
[Site "Warsaw POL"]
[Date "2014.07.18"]
[Round "7.29"]
[White "Kukawski, Maciej"]
[Black "Warszawski, Bartosz"]
[Result "1/2-1/2"]
[WhiteElo "2346"]
[BlackElo "2247"]
[WhiteFideId "1124579"]
[BlackFideId "1110799"]
[EventDate "2014.07.14"]

1. e4 c5 2. Nf3 e6 3. d4 cxd4 4. Nxd4 Nc6 5. Nc3 Qc7 6. f4 a6 7. Nxc6 Qxc6 8.
Bd3 b5 9. Qe2 Bb7 10. Bd2 b4 11. Nd5 Nf6 12. Nxf6+ gxf6 13. f5 e5 14. O-O-O Rc8
15. Kb1 Bc5 16. Rhe1 h5 17. c3 bxc3 18. Bxc3 Qb6 19. Bc4 Ke7 20. Ka1 d6 21. Rf1
a5 22. Rf3 Bb4 23. Bxb4 axb4 24. b3 Rc5 25. Rfd3 Rd8 26. Qxh5 Rxc4 27. bxc4 Bxe4
28. R3d2 b3 29. Qe2 Bxf5 30. Qf2 Qxf2 31. Rxf2 Bc2 32. Rc1 Ra8 33. Rfxc2 bxc2
34. Rxc2 f5 35. g3 e4 36. Kb2 Ke6 37. Rd2 Rb8+ 38. Kc3 Ra8 1/2-1/2

[Event "Najdorf Mem Open A 2014"]
[Site "Warsaw POL"]
[Date "2014.07.18"]
[Round "7.30"]
[White "Barle, Janez"]
[Black "Bartel, Michal"]
[Result "0-1"]
[WhiteTitle "IM"]
[BlackTitle "FM"]
[WhiteElo "2345"]
[BlackElo "2296"]
[WhiteFideId "14600021"]
[BlackFideId "1119257"]
[EventDate "2014.07.14"]

1. e4 e5 2. Nf3 Nc6 3. Bc4 Nf6 4. Nc3 Nxe4 5. Nxe4 d5 6. Bd3 dxe4 7. Bxe4 Bd6 8.
O-O O-O 9. Re1 Re8 10. d3 h6 11. c3 Qf6 12. b4 Bd7 13. a3 Rad8 14. Bb2 Bc8 15.
c4 Nd4 16. c5 Bf8 17. Nxd4 exd4 18. Qa4 a6 19. Rac1 c6 20. Re2 g6 21. Qc2 Bg4
22. Ree1 Qg5 23. g3 Bg7 24. f4 Qh5 25. Qf2 Re6 26. Rc2 Rde8 27. Bxd4 f5 28. Bxg7
Kxg7 29. Qd4+ Kh7 30. Re3 fxe4 31. dxe4 R6e7 32. Qf6 Rd7 33. Rd2 Rg7 34. Rd6 Bh3
35. Kf2 a5 36. bxa5 Qxc5 37. f5 Bxf5 38. Kf3 Be6 39. Rxe6 Rf8 0-1

[Event "Najdorf Mem Open A 2014"]
[Site "Warsaw POL"]
[Date "2014.07.18"]
[Round "7.31"]
[White "Deszczynski, Adam"]
[Black "Nowicki, Bartosz"]
[Result "1-0"]
[WhiteElo "2341"]
[BlackElo "2256"]
[WhiteFideId "1102753"]
[BlackFideId "1179730"]
[EventDate "2014.07.14"]

1. e4 g6 2. d4 Bg7 3. Nf3 d6 4. Nc3 a6 5. a4 b6 6. Be2 e6 7. Bg5 Ne7 8. O-O h6
9. Bf4 O-O 10. e5 Bb7 11. Re1 g5 12. Bg3 Nf5 13. Bd3 Nxg3 14. hxg3 Nd7 15. exd6
cxd6 16. Ne4 Nf6 17. Nxf6+ Qxf6 18. c3 g4 19. Nd2 h5 20. Nc4 Qd8 21. Qb3 e5 22.
dxe5 dxe5 23. Rad1 Qg5 24. Nd6 Bc6 25. Be4 Bxe4 26. Nxe4 Qe7 27. Rd6 b5 28. axb5
axb5 29. Red1 Rfd8 30. Rxd8+ Rxd8 31. Rxd8+ Qxd8 32. Qxb5 h4 33. gxh4 Qd1+ 34.
Kh2 Qc1 35. Qe8+ 1-0

[Event "Najdorf Mem Open A 2014"]
[Site "Warsaw POL"]
[Date "2014.07.18"]
[Round "7.32"]
[White "Arman, Deniz"]
[Black "Nguyen, Piotr"]
[Result "1-0"]
[WhiteTitle "FM"]
[WhiteElo "2272"]
[BlackElo "2339"]
[WhiteFideId "6302106"]
[BlackFideId "1127993"]
[EventDate "2014.07.14"]

1. e4 e6 2. d4 d5 3. e5 c5 4. c3 Nc6 5. Nf3 Qb6 6. Bd3 cxd4 7. cxd4 Bd7 8. O-O
Nxd4 9. Nxd4 Qxd4 10. Nc3 a6 11. Qe2 Rc8 12. Bg5 Be7 13. Bxe7 Nxe7 14. Rad1 Qf4
15. a3 h5 16. g3 Qg4 17. f3 Qd4+ 18. Kh1 Qb6 19. h4 g6 20. Kh2 Rc7 21. Qd2 Nc6
22. Rfe1 Na5 23. Re2 Nc4 24. Qf4 O-O 25. Qf6 Bb5 26. g4 Ne3 27. Nxb5 hxg4 28.
Nxc7 g3+ 29. Kh3 Qb3 30. Nxe6 1-0

[Event "Najdorf Mem Open A 2014"]
[Site "Warsaw POL"]
[Date "2014.07.18"]
[Round "7.33"]
[White "Luch, Michal"]
[Black "Cukrowski, Filip"]
[Result "1/2-1/2"]
[WhiteTitle "IM"]
[WhiteElo "2447"]
[BlackElo "2230"]
[WhiteFideId "1120042"]
[BlackFideId "1171097"]
[EventDate "2014.07.14"]

1. e4 c5 2. c3 d5 3. exd5 Qxd5 4. d4 Nc6 5. Nf3 Nf6 6. Na3 a6 7. Nc2 cxd4 8.
Ncxd4 Nxd4 9. Qxd4 Qxd4 10. Nxd4 e5 11. Nb3 Be6 12. Na5 Bd5 13. c4 Bb4+ 14. Bd2
Bxd2+ 15. Kxd2 O-O-O 16. Kc2 Be4+ 17. Kc3 Bg6 18. f3 e4 19. Be2 exf3 20. Bxf3
Ne4+ 21. Kb4 Kc7 22. Rhd1 b6 23. Nb3 Nf2 24. Rxd8 Rxd8 25. Rf1 Nd3+ 26. Kc3 b5
27. cxb5 axb5 28. Nc1 Kb6 29. Nxd3 Rxd3+ 30. Kb4 Rd4+ 31. Kb3 Rd3+ 1/2-1/2

[Event "Najdorf Mem Open A 2014"]
[Site "Warsaw POL"]
[Date "2014.07.18"]
[Round "7.34"]
[White "Korchmar, Vasiliy"]
[Black "Erzhanov, Arman"]
[Result "1/2-1/2"]
[WhiteTitle "FM"]
[BlackTitle "FM"]
[WhiteElo "2352"]
[BlackElo "2278"]
[WhiteFideId "24131750"]
[BlackFideId "4138821"]
[EventDate "2014.07.14"]

1. d4 d6 2. Nf3 Bg4 3. c4 Bxf3 4. exf3 g6 5. Nc3 Bg7 6. Be3 e6 7. Be2 Ne7 8. g4
c6 9. Qd2 d5 10. Bh6 Bxh6 11. Qxh6 Ng8 12. Qe3 Ne7 13. O-O-O Qc7 14. Kb1 dxc4
15. Ne4 Nd7 16. Bxc4 O-O-O 17. Ng5 Rdf8 18. Qa3 Nb6 19. Bxe6+ fxe6 20. Nxe6 Qd7
21. Nc5 Qc7 22. Ne6 Qd7 23. Nc5 Qc7 24. Ne6 1/2-1/2

[Event "Najdorf Mem Open A 2014"]
[Site "Warsaw POL"]
[Date "2014.07.18"]
[Round "7.35"]
[White "Loos, Roland"]
[Black "Shvayger, Yuliya"]
[Result "1/2-1/2"]
[BlackTitle "WIM"]
[WhiteElo "2335"]
[BlackElo "2287"]
[WhiteFideId "4643232"]
[BlackFideId "14100126"]
[EventDate "2014.07.14"]

1. d4 Nf6 2. c4 g6 3. Nc3 d5 4. Nf3 Bg7 5. Qb3 dxc4 6. Qxc4 O-O 7. Bf4 Na6 8.
Rd1 c5 9. d5 Qb6 10. e4 Qxb2 11. Rb1 b5 12. Rxb2 bxc4 13. Rb1 Nb4 14. Bxc4 Nc2+
15. Kd2 Na3 16. Bb5 Nxb1+ 17. Rxb1 Bd7 18. e5 Nxd5 19. Nxd5 Rfd8 20. Ke3 Bxb5
21. Nxe7+ Kf8 22. Rxb5 Kxe7 23. Bg5+ f6 24. Rb7+ Ke6 25. Rxg7 fxg5 26. Ke4 Rd4+
27. Nxd4+ cxd4 28. Kxd4 Rd8+ 29. Ke3 a5 30. Rxh7 Rd5 31. Rb7 Rxe5+ 32. Kf3 Rc5
33. Rb6+ Kf7 34. Ra6 Kg7 35. Kg3 Kh6 36. f3 Rd5 37. Ra7 Rc5 38. Kh3 Rf5 39. Kg3
Rc5 40. a3 Rd5 41. h3 Rc5 42. a4 Rd5 43. Kf2 Re5 44. Rc7 Rf5 45. Ra7 Re5 46. Rd7
Rc5 47. Ke3 Rc3+ 48. Rd3 Rc4 49. Rd4 Rc3+ 50. Ke4 Rc2 51. Rd5 Rc4+ 52. Rd4 Rc2
53. Kd3 Rxg2 54. Rd5 Rg3 55. Ke4 Rxh3 56. Rxa5 Rh4+ 57. Ke3 g4 58. fxg4 1/2-1/2

[Event "Najdorf Mem Open A 2014"]
[Site "Warsaw POL"]
[Date "2014.07.18"]
[Round "7.36"]
[White "Cajbel, Maciej"]
[Black "Obrusnik, Michal"]
[Result "1-0"]
[WhiteElo "2206"]
[BlackElo "2306"]
[WhiteFideId "1123475"]
[BlackFideId "1136674"]
[EventDate "2014.07.14"]

1. e4 c5 2. Nc3 a6 3. a4 e6 4. g3 d5 5. exd5 exd5 6. Bg2 Nf6 7. d3 Be7 8. Nge2
O-O 9. O-O Nc6 10. Bg5 d4 11. Bxf6 Bxf6 12. Nd5 Be5 13. Qd2 Be6 14. Nef4 g5 15.
Nh5 f5 16. f4 Bh8 17. c4 dxc3 18. Nxc3 g4 19. h3 Bf7 20. hxg4 fxg4 21. f5 Bd4+
22. Kh2 Bxh5 23. Qh6 Qe8 24. Rae1 Ne5 25. Nd5 Rd8 26. f6 Qf7 27. Rxe5 Bxe5 28.
Qg5+ Kh8 29. Qxe5 Bg6 30. Rf4 Bxd3 31. Ne7 Rd4 32. Bd5 Rxd5 33. Nxd5 Rd8 34. Ne7
Bg6 35. Rxg4 Rd2+ 36. Kh3 Rd8 37. Qg5 Rf8 38. Qh6 Rg8 39. Nxg8 Kxg8 40. Qf4 Qd7
41. Kh4 Qd5 42. Qc4 1-0

[Event "Najdorf Mem Open A 2014"]
[Site "Warsaw POL"]
[Date "2014.07.18"]
[Round "7.37"]
[White "Halak, Miklos"]
[Black "Adamski, Jan"]
[Result "0-1"]
[BlackTitle "IM"]
[WhiteElo "2213"]
[BlackElo "2293"]
[WhiteFideId "726400"]
[BlackFideId "1100190"]
[EventDate "2014.07.14"]

1. e4 c5 2. c3 d5 3. exd5 Qxd5 4. d4 Nf6 5. Nf3 e6 6. Bd3 Be7 7. Qe2 O-O 8. O-O
cxd4 9. cxd4 Nc6 10. Be3 Nb4 11. Nc3 Qd8 12. Bc4 b6 13. Rac1 Bb7 14. Ne5 Rc8 15.
f4 Nfd5 16. Bd2 Nf6 17. Rfd1 Nbd5 18. Kh1 Nxc3 19. bxc3 Be4 20. Rf1 Rc7 21. Rce1
Qa8 22. a4 g6 23. Kg1 Rfc8 24. g4 Bb7 25. Nxf7 Rxc4 26. Qxe6 R4c7 27. Nh6+ Kh8
28. g5 Rf8 29. Qe5 Qd8 30. gxf6 Bxf6 31. Qe2 Qd5 32. Ng4 Qh1+ 33. Kf2 Bh4+ 0-1

[Event "Najdorf Mem Open A 2014"]
[Site "Warsaw POL"]
[Date "2014.07.18"]
[Round "7.38"]
[White "Jakubiec, Edyta"]
[Black "Wiewiora, Eneasz"]
[Result "1-0"]
[WhiteTitle "WIM"]
[WhiteElo "2189"]
[BlackElo "2218"]
[WhiteFideId "1114158"]
[BlackFideId "1140396"]
[EventDate "2014.07.14"]

1. d4 Nf6 2. Nf3 g6 3. c4 Bg7 4. Nc3 d5 5. e3 O-O 6. Be2 c5 7. dxc5 dxc4 8. Qa4
Qc7 9. Qxc4 Na6 10. c6 bxc6 11. O-O Bb7 12. b3 Nd5 13. Bb2 Nxc3 14. Bxc3 Bxc3
15. Qxc3 c5 16. Rac1 Bxf3 17. Bxf3 Rac8 18. Qc4 Qb6 19. Qh4 e6 20. Rc4 Kg7 21.
g4 h6 22. Qg3 Nb4 23. g5 Qc7 24. gxh6+ Kxh6 25. a3 Nd3 26. Be2 Ne5 27. Rc3 Kg7
28. Rfc1 Qd6 29. b4 c4 30. Rd1 Qb8 31. f4 Nc6 32. Rxc4 Ne7 33. Rcc1 Rxc1 34.
Rxc1 Qd6 35. Qe1 Nf5 36. Qc3+ Kg8 37. Bg4 Nh6 38. Rd1 Qb8 39. Bf3 Rc8 40. Qd3
Qb6 41. Kf2 Qc7 42. Be4 Ng4+ 43. Kg3 Nh6 44. h3 e5 45. Bxg6 fxg6 46. Qxg6+ Qg7
47. Qxg7+ Kxg7 48. Rd7+ Kg6 49. Rxa7 e4 50. Ra6+ Kh5 51. Ra5+ Kg6 52. Ra6+ Kh5
53. f5 Rc4 54. Kf4 Nf7 55. Ra8 Kh6 56. h4 Kh5 57. Ra7 Nh6 58. b5 Rc5 59. b6 Nxf5
60. b7 Rb5 61. a4 1-0

[Event "Najdorf Mem Open A 2014"]
[Site "Warsaw POL"]
[Date "2014.07.18"]
[Round "7.40"]
[White "Gasik, Anna"]
[Black "Lewicki, Miroslaw"]
[Result "0-1"]
[WhiteTitle "WIM"]
[BlackTitle "CM"]
[WhiteElo "2261"]
[BlackElo "2242"]
[WhiteFideId "1121952"]
[BlackFideId "1113380"]
[EventDate "2014.07.14"]

1. e4 c5 2. Nc3 g6 3. Nge2 Bg7 4. g3 Nc6 5. Bg2 e6 6. O-O Nge7 7. f4 d5 8. d3 f5
9. e5 O-O 10. d4 cxd4 11. Nb5 Qb6 12. Nbxd4 Bd7 13. c3 Nxd4 14. Qxd4 Qb5 15. Re1
Rfc8 16. Qf2 Nc6 17. Bf1 Bf8 18. Nd4 Qb6 19. Nb3 Qxf2+ 20. Kxf2 d4 21. cxd4 Nb4
22. d5 Nxd5 23. Bd2 Rc2 24. Rab1 Ba4 25. Red1 Bb4 26. Ke1 Bxb3 27. axb3 Rxd2 28.
Rxd2 Rd8 29. Ke2 Nxf4+ 30. gxf4 Rxd2+ 31. Kf3 Rxh2 32. Bc4 Kf7 33. Rd1 Rd2 34.
Rc1 Rxb2 0-1

[Event "Najdorf Mem Open A 2014"]
[Site "Warsaw POL"]
[Date "2014.07.18"]
[Round "7.41"]
[White "Warakomska, Anna"]
[Black "Goslawski, Michal"]
[Result "1/2-1/2"]
[WhiteTitle "WFM"]
[WhiteElo "2158"]
[BlackElo "2156"]
[WhiteFideId "1130790"]
[BlackFideId "1171259"]
[EventDate "2014.07.14"]

1. e4 e5 2. Nf3 Nf6 3. Nxe5 d6 4. Nf3 Nxe4 5. Nc3 Nxc3 6. dxc3 Be7 7. Bf4 Nd7 8.
Qd2 O-O 9. O-O-O Nc5 10. Be3 c6 11. h4 Qa5 12. Kb1 Be6 13. c4 Qxd2 14. Nxd2 Rfe8
15. Be2 d5 16. cxd5 Bxd5 17. Bf3 Rad8 1/2-1/2

[Event "Najdorf Mem Open A 2014"]
[Site "Warsaw POL"]
[Date "2014.07.19"]
[Round "8.1"]
[White "Shimanov, Aleksandr"]
[Black "Markowski, Tomasz"]
[Result "1/2-1/2"]
[WhiteTitle "GM"]
[BlackTitle "GM"]
[WhiteElo "2644"]
[BlackElo "2572"]
[WhiteFideId "4198603"]
[BlackFideId "1105680"]
[EventDate "2014.07.14"]

1. Nf3 Nf6 2. c4 b6 3. d4 e6 4. a3 Bb7 5. Nc3 d5 6. Qa4+ Nbd7 7. Bg5 Be7 8. Bxf6
Bxf6 9. cxd5 exd5 10. g3 O-O 11. Bh3 Nb8 12. Rd1 Nc6 13. b4 Ne7 14. O-O c5 15.
e3 Qc7 16. bxc5 bxc5 17. Nb5 Qc6 18. Rc1 a6 19. Nc3 cxd4 20. Nxd4 Qd6 21. Rfd1
Rfd8 22. Nce2 g6 23. Nf4 Rab8 24. Nd3 Bc8 25. Bxc8 Rbxc8 26. Rxc8 Rxc8 27. Nb4
Rc4 28. Ne2 d4 29. Nxd4 Qb6 30. Qb3 Rc8 31. Qd3 a5 32. Nbc2 Nd5 33. Qb5 Qxb5 34.
Nxb5 Nc3 35. Nxc3 Rxc3 36. Rd2 Be7 37. Kf1 1/2-1/2